The 16 African Nations Visited by U.S. Presidents - Statistics

General Stats
  • This quiz has been taken 140 times
  • The average score is 13 of 16
Answer Stats
Answer % Correct
South Africa
99%
Egypt
98%
Morocco
95%
Kenya
93%
Nigeria
93%
Ethiopia
89%
Tanzania
88%
Ghana
82%
Tunisia
82%
Liberia
75%
Senegal
75%
Uganda
75%
Botswana
72%
Somalia
72%
Rwanda
71%
Benin
44%
No matching quizzes found
Score Distribution
Percent of People with Each Score
Percentile by Number Answered
Your Score History
You have not taken this quiz